<?xml version="1.0" encoding="UTF-8"?>
<collection xmlns="http://www.loc.gov/MARC21/slim">
 <record>
  <leader>09776nam a22012017a 4500</leader>
  <controlfield tag="001">000133136</controlfield>
  <controlfield tag="003">CZ-PrVSE</controlfield>
  <controlfield tag="005">20240904083849.0</controlfield>
  <controlfield tag="007">ta</controlfield>
  <controlfield tag="008">090603s2009    xr a   frd    001 0 cze d</controlfield>
  <datafield tag="015" ind1=" " ind2=" ">
   <subfield code="a">cnb001860323</subfield>
  </datafield>
  <datafield tag="020" ind1=" " ind2=" ">
   <subfield code="a">978-80-7261-200-0</subfield>
   <subfield code="q">(váz.)</subfield>
  </datafield>
  <datafield tag="020" ind1=" " ind2=" ">
   <subfield code="a">978-80-7261-274-1</subfield>
   <subfield code="q">(dotisk ;</subfield>
   <subfield code="q">váz.)</subfield>
  </datafield>
  <datafield tag="035" ind1=" " ind2=" ">
   <subfield code="a">(OCoLC)428365408</subfield>
  </datafield>
  <datafield tag="040" ind1=" " ind2=" ">
   <subfield code="a">ABA006</subfield>
   <subfield code="b">cze</subfield>
   <subfield code="c">ABA006</subfield>
   <subfield code="d">ABA006</subfield>
  </datafield>
  <datafield tag="072" ind1=" " ind2="7">
   <subfield code="a">005</subfield>
   <subfield code="x">Management. Řízení</subfield>
   <subfield code="2">Konspekt</subfield>
   <subfield code="9">4</subfield>
  </datafield>
  <datafield tag="072" ind1=" " ind2="9">
   <subfield code="a">650</subfield>
   <subfield code="x">Management and auxiliary services</subfield>
   <subfield code="2">Conspectus</subfield>
   <subfield code="9">4</subfield>
  </datafield>
  <datafield tag="080" ind1=" " ind2=" ">
   <subfield code="a">005</subfield>
   <subfield code="2">MRF_2014</subfield>
  </datafield>
  <datafield tag="080" ind1=" " ind2=" ">
   <subfield code="a">005.311.6</subfield>
   <subfield code="2">MRF_2003</subfield>
  </datafield>
  <datafield tag="080" ind1=" " ind2=" ">
   <subfield code="a">005.21</subfield>
   <subfield code="2">MRF_2003</subfield>
  </datafield>
  <datafield tag="080" ind1=" " ind2=" ">
   <subfield code="a">316.422</subfield>
   <subfield code="2">MRF_2014</subfield>
  </datafield>
  <datafield tag="080" ind1=" " ind2=" ">
   <subfield code="a">005.591</subfield>
   <subfield code="2">MRF_2003</subfield>
  </datafield>
  <datafield tag="080" ind1=" " ind2=" ">
   <subfield code="a">(048.8)</subfield>
   <subfield code="2">MRF_2003</subfield>
  </datafield>
  <datafield tag="099" ind1=" " ind2="9">
   <subfield code="a">005VEB</subfield>
  </datafield>
  <datafield tag="100" ind1="1" ind2=" ">
   <subfield code="a">Veber, Jaromír,</subfield>
   <subfield code="d">1953-</subfield>
   <subfield code="7">jn20010309503</subfield>
   <subfield code="4">aut</subfield>
  </datafield>
  <datafield tag="245" ind1="1" ind2="0">
   <subfield code="a">Management :</subfield>
   <subfield code="b">základy, moderní manažerské přístupy, výkonnost a prosperita /</subfield>
   <subfield code="c">Jaromír Veber &amp; kol.</subfield>
  </datafield>
  <datafield tag="250" ind1=" " ind2=" ">
   <subfield code="a">2. aktualiz. vyd.</subfield>
  </datafield>
  <datafield tag="260" ind1=" " ind2=" ">
   <subfield code="a">Praha :</subfield>
   <subfield code="b">Management Press,</subfield>
   <subfield code="c">2009</subfield>
  </datafield>
  <datafield tag="300" ind1=" " ind2=" ">
   <subfield code="a">734 s. :</subfield>
   <subfield code="b">il.</subfield>
  </datafield>
  <datafield tag="500" ind1=" " ind2=" ">
   <subfield code="a">Terminologický slovník</subfield>
  </datafield>
  <datafield tag="500" ind1=" " ind2=" ">
   <subfield code="a">Obsahuje rejstřík</subfield>
  </datafield>
  <datafield tag="500" ind1=" " ind2=" ">
   <subfield code="a">Dotisk r. 2014</subfield>
  </datafield>
  <datafield tag="650" ind1="0" ind2="7">
   <subfield code="a">management</subfield>
   <subfield code="7">ph115217</subfield>
   <subfield code="2">czenas</subfield>
  </datafield>
  <datafield tag="650" ind1="0" ind2="7">
   <subfield code="a">rozhodování</subfield>
   <subfield code="7">ph125259</subfield>
   <subfield code="2">czenas</subfield>
  </datafield>
  <datafield tag="650" ind1="0" ind2="7">
   <subfield code="a">strategický management</subfield>
   <subfield code="7">ph116291</subfield>
   <subfield code="2">czenas</subfield>
  </datafield>
  <datafield tag="650" ind1="0" ind2="7">
   <subfield code="a">globalizace</subfield>
   <subfield code="7">ph120568</subfield>
   <subfield code="2">czenas</subfield>
  </datafield>
  <datafield tag="650" ind1="0" ind2="7">
   <subfield code="a">management změny</subfield>
   <subfield code="7">ph136743</subfield>
   <subfield code="2">czenas</subfield>
  </datafield>
  <datafield tag="653" ind1="0" ind2=" ">
   <subfield code="a">globální management</subfield>
  </datafield>
  <datafield tag="653" ind1="0" ind2=" ">
   <subfield code="a">manažerská způsobilost</subfield>
  </datafield>
  <datafield tag="655" ind1=" " ind2="7">
   <subfield code="a">monografie</subfield>
   <subfield code="7">fd132842</subfield>
   <subfield code="2">czenas</subfield>
  </datafield>
  <datafield tag="650" ind1="0" ind2="9">
   <subfield code="a">management</subfield>
   <subfield code="2">eczenas</subfield>
  </datafield>
  <datafield tag="650" ind1="0" ind2="9">
   <subfield code="a">decision making</subfield>
   <subfield code="2">eczenas</subfield>
  </datafield>
  <datafield tag="650" ind1="0" ind2="9">
   <subfield code="a">strategic planning</subfield>
   <subfield code="2">eczenas</subfield>
  </datafield>
  <datafield tag="650" ind1="0" ind2="9">
   <subfield code="a">globalization</subfield>
   <subfield code="2">eczenas</subfield>
  </datafield>
  <datafield tag="650" ind1="0" ind2="9">
   <subfield code="a">management of change</subfield>
   <subfield code="2">eczenas</subfield>
  </datafield>
  <datafield tag="655" ind1=" " ind2="9">
   <subfield code="a">monographs</subfield>
   <subfield code="2">eczenas</subfield>
  </datafield>
  <datafield tag="856" ind1="4" ind2="1">
   <subfield code="u">https://aleph.vse.cz/fulltext/management--zaklady-moderni-manazerske-pristupy-vykonnost-a-prosperita.epub</subfield>
   <subfield code="y">Plný text (epub) - přímý přístup pro uživatele přihlášené přes InSIS</subfield>
  </datafield>
  <datafield tag="856" ind1="4" ind2="1">
   <subfield code="u">https://aleph.vse.cz/fulltext/management--zaklady-moderni-manazerske-pristupy-vykonnost-a-prosperita.mobi</subfield>
   <subfield code="y">Plný text (mobi) - přímý přístup pro uživatele přihlášené přes InSIS</subfield>
  </datafield>
  <datafield tag="856" ind1="4" ind2="1">
   <subfield code="u">https://aleph.vse.cz/fulltext/management--zaklady-moderni-manazerske-pristupy-vykonnost-a-prosperita.pdf</subfield>
   <subfield code="y">Plný text (pdf) - přímý přístup pro uživatele přihlášené přes InSIS</subfield>
  </datafield>
  <datafield tag="856" ind1="4" ind2="2">
   <subfield code="u">https://knihovna.vse.cz/zdroje/eknihy/#20</subfield>
   <subfield code="y">Informace o dostupnosti plného textu</subfield>
  </datafield>
  <datafield tag="BAS" ind1=" " ind2=" ">
   <subfield code="a">EB</subfield>
  </datafield>
  <datafield tag="993" ind1=" " ind2=" ">
   <subfield code="a">003817212</subfield>
  </datafield>
  <datafield tag="996" ind1=" " ind2=" ">
   <subfield code="1">HPUVV</subfield>
   <subfield code="3">A 11283-V1</subfield>
   <subfield code="4">N:P</subfield>
   <subfield code="5">4202138695</subfield>
   <subfield code="8">20140924</subfield>
   <subfield code="9">005.1VEB</subfield>
   <subfield code="f">81</subfield>
   <subfield code="l">UEP01</subfield>
   <subfield code="m">BOOK</subfield>
   <subfield code="q">Knihovna FM JH volný výběr</subfield>
   <subfield code="t">na 1 měsíc</subfield>
   <subfield code="u">UEP01</subfield>
  </datafield>
  <datafield tag="996" ind1=" " ind2=" ">
   <subfield code="1">HPUVV</subfield>
   <subfield code="3">A 11283-V2</subfield>
   <subfield code="4">N:P</subfield>
   <subfield code="5">4202138696</subfield>
   <subfield code="8">20140924</subfield>
   <subfield code="9">005VEB</subfield>
   <subfield code="f">81</subfield>
   <subfield code="l">UEP01</subfield>
   <subfield code="m">BOOK</subfield>
   <subfield code="q">Knihovna FM JH volný výběr</subfield>
   <subfield code="t">na 1 měsíc</subfield>
   <subfield code="u">UEP01</subfield>
  </datafield>
  <datafield tag="996" ind1=" " ind2=" ">
   <subfield code="1">HPUVV</subfield>
   <subfield code="3">A 8026-V2</subfield>
   <subfield code="4">N:P</subfield>
   <subfield code="5">4202130372</subfield>
   <subfield code="8">20090623</subfield>
   <subfield code="9">005.1VEB</subfield>
   <subfield code="f">81</subfield>
   <subfield code="l">UEP01</subfield>
   <subfield code="m">BOOK</subfield>
   <subfield code="q">Knihovna FM JH volný výběr</subfield>
   <subfield code="t">na 1 měsíc</subfield>
   <subfield code="u">UEP01</subfield>
  </datafield>
  <datafield tag="996" ind1=" " ind2=" ">
   <subfield code="1">HPUVV</subfield>
   <subfield code="3">A 8026-V3</subfield>
   <subfield code="4">N:P</subfield>
   <subfield code="5">4202130373</subfield>
   <subfield code="8">20090623</subfield>
   <subfield code="9">005.1VEB</subfield>
   <subfield code="f">81</subfield>
   <subfield code="l">UEP01</subfield>
   <subfield code="m">BOOK</subfield>
   <subfield code="q">Knihovna FM JH volný výběr</subfield>
   <subfield code="t">na 1 měsíc</subfield>
   <subfield code="u">UEP01</subfield>
  </datafield>
  <datafield tag="996" ind1=" " ind2=" ">
   <subfield code="1">HPUVV</subfield>
   <subfield code="3">A 8026-V4</subfield>
   <subfield code="4">N:P</subfield>
   <subfield code="5">4202135369</subfield>
   <subfield code="8">20111216</subfield>
   <subfield code="9">005VEB</subfield>
   <subfield code="f">81</subfield>
   <subfield code="l">UEP01</subfield>
   <subfield code="m">BOOK</subfield>
   <subfield code="q">Knihovna FM JH volný výběr</subfield>
   <subfield code="t">na 1 měsíc</subfield>
   <subfield code="u">UEP01</subfield>
  </datafield>
  <datafield tag="996" ind1=" " ind2=" ">
   <subfield code="1">HPUVV</subfield>
   <subfield code="3">A 8026-V5</subfield>
   <subfield code="4">N:P</subfield>
   <subfield code="5">4202135370</subfield>
   <subfield code="8">20111216</subfield>
   <subfield code="9">005VEB</subfield>
   <subfield code="f">81</subfield>
   <subfield code="l">UEP01</subfield>
   <subfield code="m">BOOK</subfield>
   <subfield code="q">Knihovna FM JH volný výběr</subfield>
   <subfield code="t">na 1 měsíc</subfield>
   <subfield code="u">UEP01</subfield>
  </datafield>
  <datafield tag="996" ind1=" " ind2=" ">
   <subfield code="1">HPUVV</subfield>
   <subfield code="3">A 8026-V6</subfield>
   <subfield code="4">N:P</subfield>
   <subfield code="5">4202135371</subfield>
   <subfield code="8">20111216</subfield>
   <subfield code="9">005.1VEB</subfield>
   <subfield code="f">81</subfield>
   <subfield code="l">UEP01</subfield>
   <subfield code="m">BOOK</subfield>
   <subfield code="q">Knihovna FM JH volný výběr</subfield>
   <subfield code="t">na 1 měsíc</subfield>
   <subfield code="u">UEP01</subfield>
  </datafield>
  <datafield tag="996" ind1=" " ind2=" ">
   <subfield code="1">HPUVV</subfield>
   <subfield code="3">A 8026-V7</subfield>
   <subfield code="4">náhrada</subfield>
   <subfield code="5">4202135546</subfield>
   <subfield code="8">20120125</subfield>
   <subfield code="9">005VEB</subfield>
   <subfield code="f">81</subfield>
   <subfield code="l">UEP01</subfield>
   <subfield code="m">BOOK</subfield>
   <subfield code="q">Knihovna FM JH volný výběr</subfield>
   <subfield code="t">na 1 měsíc</subfield>
   <subfield code="u">UEP01</subfield>
  </datafield>
  <datafield tag="996" ind1=" " ind2=" ">
   <subfield code="1">HSTU1</subfield>
   <subfield code="3">A 8026-V1</subfield>
   <subfield code="4">N:P</subfield>
   <subfield code="5">4202130371</subfield>
   <subfield code="8">20090623</subfield>
   <subfield code="9">005.1VEB</subfield>
   <subfield code="f">85</subfield>
   <subfield code="l">UEP01</subfield>
   <subfield code="m">BOOK</subfield>
   <subfield code="q">Knihovna FM JH studovna I</subfield>
   <subfield code="t">prezenční</subfield>
   <subfield code="u">UEP01</subfield>
  </datafield>
  <datafield tag="996" ind1=" " ind2=" ">
   <subfield code="1">PCESP</subfield>
   <subfield code="3">F202049m</subfield>
   <subfield code="4">N:P</subfield>
   <subfield code="5">3142232024</subfield>
   <subfield code="8">20091008</subfield>
   <subfield code="9">005VEB</subfield>
   <subfield code="f">83</subfield>
   <subfield code="g">21428</subfield>
   <subfield code="l">UEP01</subfield>
   <subfield code="m">BOOK</subfield>
   <subfield code="q">CESP</subfield>
   <subfield code="t">na dislokovaném</subfield>
   <subfield code="u">UEP01</subfield>
   <subfield code="w">20091012</subfield>
  </datafield>
  <datafield tag="996" ind1=" " ind2=" ">
   <subfield code="1">PJMHS</subfield>
   <subfield code="3">F202049d</subfield>
   <subfield code="4">N:P</subfield>
   <subfield code="5">3142230204</subfield>
   <subfield code="8">20090603</subfield>
   <subfield code="9">005VEB</subfield>
   <subfield code="f">85</subfield>
   <subfield code="g">20298</subfield>
   <subfield code="l">UEP01</subfield>
   <subfield code="m">BOOK</subfield>
   <subfield code="q">Studovna JM</subfield>
   <subfield code="t">prezenční</subfield>
   <subfield code="u">UEP01</subfield>
   <subfield code="w">20090625</subfield>
  </datafield>
  <datafield tag="996" ind1=" " ind2=" ">
   <subfield code="1">PJMHS</subfield>
   <subfield code="3">F202049s</subfield>
   <subfield code="4">N:P</subfield>
   <subfield code="5">3142233212</subfield>
   <subfield code="8">20091103</subfield>
   <subfield code="9">005VEB</subfield>
   <subfield code="f">81</subfield>
   <subfield code="g">21750</subfield>
   <subfield code="l">UEP01</subfield>
   <subfield code="m">BOOK</subfield>
   <subfield code="q">Studovna JM</subfield>
   <subfield code="t">na 1 měsíc</subfield>
   <subfield code="u">UEP01</subfield>
   <subfield code="w">20091216</subfield>
  </datafield>
  <datafield tag="996" ind1=" " ind2=" ">
   <subfield code="1">PJMHS</subfield>
   <subfield code="3">F202049ww</subfield>
   <subfield code="4">N:P</subfield>
   <subfield code="5">3142277499</subfield>
   <subfield code="7">Dotisk 2014</subfield>
   <subfield code="8">20141001</subfield>
   <subfield code="9">005VEB</subfield>
   <subfield code="f">81</subfield>
   <subfield code="g">40184</subfield>
   <subfield code="l">UEP01</subfield>
   <subfield code="m">BOOK</subfield>
   <subfield code="q">Studovna JM</subfield>
   <subfield code="t">na 1 měsíc</subfield>
   <subfield code="u">UEP01</subfield>
   <subfield code="w">20141208</subfield>
  </datafield>
  <datafield tag="996" ind1=" " ind2=" ">
   <subfield code="1">PJMSK</subfield>
   <subfield code="3">F202049ch</subfield>
   <subfield code="4">N:P</subfield>
   <subfield code="5">3142230942</subfield>
   <subfield code="8">20090819</subfield>
   <subfield code="9">005VEB</subfield>
   <subfield code="f">81</subfield>
   <subfield code="g">21008</subfield>
   <subfield code="l">UEP01</subfield>
   <subfield code="m">BOOK</subfield>
   <subfield code="q">Knihovna JM - sklad</subfield>
   <subfield code="t">na 1 měsíc</subfield>
   <subfield code="u">UEP01</subfield>
   <subfield code="w">20090923</subfield>
  </datafield>
  <datafield tag="996" ind1=" " ind2=" ">
   <subfield code="1">PJMSK</subfield>
   <subfield code="3">F202049g</subfield>
   <subfield code="4">N:P</subfield>
   <subfield code="5">3142230940</subfield>
   <subfield code="8">20090819</subfield>
   <subfield code="9">005VEB</subfield>
   <subfield code="f">81</subfield>
   <subfield code="g">21008</subfield>
   <subfield code="l">UEP01</subfield>
   <subfield code="m">BOOK</subfield>
   <subfield code="q">Knihovna JM - sklad</subfield>
   <subfield code="t">na 1 měsíc</subfield>
   <subfield code="u">UEP01</subfield>
   <subfield code="w">20090923</subfield>
  </datafield>
  <datafield tag="996" ind1=" " ind2=" ">
   <subfield code="1">PJMSK</subfield>
   <subfield code="3">F202049h</subfield>
   <subfield code="4">N:P</subfield>
   <subfield code="5">3142230941</subfield>
   <subfield code="8">20090819</subfield>
   <subfield code="9">005VEB</subfield>
   <subfield code="f">81</subfield>
   <subfield code="g">21008</subfield>
   <subfield code="l">UEP01</subfield>
   <subfield code="m">BOOK</subfield>
   <subfield code="q">Knihovna JM - sklad</subfield>
   <subfield code="t">na 1 měsíc</subfield>
   <subfield code="u">UEP01</subfield>
   <subfield code="w">20090923</subfield>
  </datafield>
  <datafield tag="996" ind1=" " ind2=" ">
   <subfield code="1">PJMSK</subfield>
   <subfield code="3">F202049v</subfield>
   <subfield code="4">N:P</subfield>
   <subfield code="5">3142233215</subfield>
   <subfield code="8">20091103</subfield>
   <subfield code="9">005VEB</subfield>
   <subfield code="f">81</subfield>
   <subfield code="g">21750</subfield>
   <subfield code="l">UEP01</subfield>
   <subfield code="m">BOOK</subfield>
   <subfield code="q">Knihovna JM - sklad</subfield>
   <subfield code="t">na 1 měsíc</subfield>
   <subfield code="u">UEP01</subfield>
   <subfield code="w">20091216</subfield>
  </datafield>
  <datafield tag="996" ind1=" " ind2=" ">
   <subfield code="1">PJMSK</subfield>
   <subfield code="3">F202049w</subfield>
   <subfield code="4">N:P</subfield>
   <subfield code="5">3142233216</subfield>
   <subfield code="8">20091103</subfield>
   <subfield code="9">005VEB</subfield>
   <subfield code="f">81</subfield>
   <subfield code="g">21750</subfield>
   <subfield code="l">UEP01</subfield>
   <subfield code="m">BOOK</subfield>
   <subfield code="q">Knihovna JM - sklad</subfield>
   <subfield code="t">na 1 měsíc</subfield>
   <subfield code="u">UEP01</subfield>
   <subfield code="w">20091216</subfield>
  </datafield>
  <datafield tag="996" ind1=" " ind2=" ">
   <subfield code="1">PKLOG</subfield>
   <subfield code="3">F202049y</subfield>
   <subfield code="4">N:P</subfield>
   <subfield code="5">3142234986</subfield>
   <subfield code="8">20100126</subfield>
   <subfield code="9">005VEB</subfield>
   <subfield code="f">83</subfield>
   <subfield code="g">22751</subfield>
   <subfield code="l">UEP01</subfield>
   <subfield code="m">BOOK</subfield>
   <subfield code="q">KLOG</subfield>
   <subfield code="s">DISLOK: Martínez, Felipe - ISIS77556</subfield>
   <subfield code="t">na dislokovaném</subfield>
   <subfield code="u">UEP01</subfield>
   <subfield code="w">20100126</subfield>
  </datafield>
  <datafield tag="996" ind1=" " ind2=" ">
   <subfield code="1">PKM</subfield>
   <subfield code="3">F202049xx</subfield>
   <subfield code="4">N:P</subfield>
   <subfield code="5">3142278264</subfield>
   <subfield code="7">Dotisk 2014</subfield>
   <subfield code="8">20141020</subfield>
   <subfield code="9">005VEB</subfield>
   <subfield code="f">83</subfield>
   <subfield code="g">40570</subfield>
   <subfield code="l">UEP01</subfield>
   <subfield code="m">BOOK</subfield>
   <subfield code="q">KM</subfield>
   <subfield code="s">DISLOK: Háša, Stanislav - ISIS23370</subfield>
   <subfield code="t">na dislokovaném</subfield>
   <subfield code="u">UEP01</subfield>
   <subfield code="w">20141111</subfield>
  </datafield>
  <datafield tag="996" ind1=" " ind2=" ">
   <subfield code="1">PKPO</subfield>
   <subfield code="3">F202049ee</subfield>
   <subfield code="4">N:P</subfield>
   <subfield code="5">3142240824</subfield>
   <subfield code="8">20100922</subfield>
   <subfield code="9">005VEB</subfield>
   <subfield code="f">83</subfield>
   <subfield code="g">25131</subfield>
   <subfield code="l">UEP01</subfield>
   <subfield code="m">BOOK</subfield>
   <subfield code="q">KPO</subfield>
   <subfield code="s">DISLOK: Špaček, Miroslav - ISIS51197</subfield>
   <subfield code="t">na dislokovaném</subfield>
   <subfield code="u">UEP01</subfield>
   <subfield code="w">20100923</subfield>
  </datafield>
  <datafield tag="996" ind1=" " ind2=" ">
   <subfield code="1">PSKLA</subfield>
   <subfield code="3">F202049a</subfield>
   <subfield code="4">N:P</subfield>
   <subfield code="5">3142230201</subfield>
   <subfield code="8">20090603</subfield>
   <subfield code="9">005VEB</subfield>
   <subfield code="f">81</subfield>
   <subfield code="g">20298</subfield>
   <subfield code="l">UEP01</subfield>
   <subfield code="m">BOOK</subfield>
   <subfield code="q">Knihovna Žižkov - sklad</subfield>
   <subfield code="t">na 1 měsíc</subfield>
   <subfield code="u">UEP01</subfield>
   <subfield code="w">20090609</subfield>
  </datafield>
  <datafield tag="996" ind1=" " ind2=" ">
   <subfield code="1">PSKLA</subfield>
   <subfield code="3">F202049aaa</subfield>
   <subfield code="4">N:náhrada</subfield>
   <subfield code="5">3142324401</subfield>
   <subfield code="8">20190218</subfield>
   <subfield code="9">005VEB</subfield>
   <subfield code="f">81</subfield>
   <subfield code="l">UEP01</subfield>
   <subfield code="m">BOOK</subfield>
   <subfield code="q">Knihovna Žižkov - sklad</subfield>
   <subfield code="t">na 1 měsíc</subfield>
   <subfield code="u">UEP01</subfield>
   <subfield code="w">20190218</subfield>
  </datafield>
  <datafield tag="996" ind1=" " ind2=" ">
   <subfield code="1">PSKLA</subfield>
   <subfield code="3">F202049b</subfield>
   <subfield code="4">N:P</subfield>
   <subfield code="5">3142230202</subfield>
   <subfield code="8">20090603</subfield>
   <subfield code="9">005VEB</subfield>
   <subfield code="f">81</subfield>
   <subfield code="g">20298</subfield>
   <subfield code="l">UEP01</subfield>
   <subfield code="m">BOOK</subfield>
   <subfield code="q">Knihovna Žižkov - sklad</subfield>
   <subfield code="t">na 1 měsíc</subfield>
   <subfield code="u">UEP01</subfield>
   <subfield code="w">20090609</subfield>
  </datafield>
  <datafield tag="996" ind1=" " ind2=" ">
   <subfield code="1">PSKLA</subfield>
   <subfield code="3">F202049bbb</subfield>
   <subfield code="4">N:G</subfield>
   <subfield code="5">3142330064</subfield>
   <subfield code="8">20190708</subfield>
   <subfield code="9">005VEB</subfield>
   <subfield code="f">81</subfield>
   <subfield code="l">UEP01</subfield>
   <subfield code="m">BOOK</subfield>
   <subfield code="q">Knihovna Žižkov - sklad</subfield>
   <subfield code="t">na 1 měsíc</subfield>
   <subfield code="u">UEP01</subfield>
   <subfield code="w">20190711</subfield>
  </datafield>
  <datafield tag="996" ind1=" " ind2=" ">
   <subfield code="1">PSKLA</subfield>
   <subfield code="3">F202049c</subfield>
   <subfield code="4">N:P</subfield>
   <subfield code="5">3142230203</subfield>
   <subfield code="8">20090603</subfield>
   <subfield code="9">005VEB</subfield>
   <subfield code="f">81</subfield>
   <subfield code="g">20298</subfield>
   <subfield code="l">UEP01</subfield>
   <subfield code="m">BOOK</subfield>
   <subfield code="p">MI</subfield>
   <subfield code="q">Knihovna Žižkov - sklad</subfield>
   <subfield code="t">na 1 měsíc</subfield>
   <subfield code="u">UEP01</subfield>
   <subfield code="v">Ztráta</subfield>
   <subfield code="w">20090609</subfield>
  </datafield>
  <datafield tag="996" ind1=" " ind2=" ">
   <subfield code="1">PSKLA</subfield>
   <subfield code="3">F202049ccc</subfield>
   <subfield code="4">N:náhrada</subfield>
   <subfield code="5">3142368340</subfield>
   <subfield code="8">20240903</subfield>
   <subfield code="9">005VEB</subfield>
   <subfield code="f">81</subfield>
   <subfield code="l">UEP01</subfield>
   <subfield code="m">BOOK</subfield>
   <subfield code="q">Knihovna Žižkov - sklad</subfield>
   <subfield code="t">na 1 měsíc</subfield>
   <subfield code="u">UEP01</subfield>
   <subfield code="w">20240916</subfield>
  </datafield>
  <datafield tag="996" ind1=" " ind2=" ">
   <subfield code="1">PSKLA</subfield>
   <subfield code="3">F202049dd</subfield>
   <subfield code="4">N:P</subfield>
   <subfield code="5">3142237830</subfield>
   <subfield code="8">20100519</subfield>
   <subfield code="9">005VEB</subfield>
   <subfield code="f">81</subfield>
   <subfield code="g">23710</subfield>
   <subfield code="l">UEP01</subfield>
   <subfield code="m">BOOK</subfield>
   <subfield code="q">Knihovna Žižkov - sklad</subfield>
   <subfield code="t">na 1 měsíc</subfield>
   <subfield code="u">UEP01</subfield>
   <subfield code="w">20100525</subfield>
  </datafield>
  <datafield tag="996" ind1=" " ind2=" ">
   <subfield code="1">PSKLA</subfield>
   <subfield code="3">F202049ddd</subfield>
   <subfield code="4">N:náhrada</subfield>
   <subfield code="5">3142376857</subfield>
   <subfield code="8">20251002</subfield>
   <subfield code="9">005VEB</subfield>
   <subfield code="f">81</subfield>
   <subfield code="l">UEP01</subfield>
   <subfield code="m">BOOK</subfield>
   <subfield code="q">Knihovna Žižkov - sklad</subfield>
   <subfield code="t">na 1 měsíc</subfield>
   <subfield code="u">UEP01</subfield>
   <subfield code="w">20251015</subfield>
  </datafield>
  <datafield tag="996" ind1=" " ind2=" ">
   <subfield code="1">PSKLA</subfield>
   <subfield code="3">F202049f</subfield>
   <subfield code="4">N:P</subfield>
   <subfield code="5">3142230939</subfield>
   <subfield code="8">20090819</subfield>
   <subfield code="9">005VEB</subfield>
   <subfield code="f">81</subfield>
   <subfield code="g">21008</subfield>
   <subfield code="l">UEP01</subfield>
   <subfield code="m">BOOK</subfield>
   <subfield code="q">Knihovna Žižkov - sklad</subfield>
   <subfield code="t">na 1 měsíc</subfield>
   <subfield code="u">UEP01</subfield>
   <subfield code="w">20090902</subfield>
  </datafield>
  <datafield tag="996" ind1=" " ind2=" ">
   <subfield code="1">PSKLA</subfield>
   <subfield code="3">F202049ii</subfield>
   <subfield code="4">N:P</subfield>
   <subfield code="5">3142243764</subfield>
   <subfield code="8">20101114</subfield>
   <subfield code="9">005VEB</subfield>
   <subfield code="f">81</subfield>
   <subfield code="g">25799</subfield>
   <subfield code="l">UEP01</subfield>
   <subfield code="m">BOOK</subfield>
   <subfield code="q">Knihovna Žižkov - sklad</subfield>
   <subfield code="t">na 1 měsíc</subfield>
   <subfield code="u">UEP01</subfield>
   <subfield code="w">20101129</subfield>
  </datafield>
  <datafield tag="996" ind1=" " ind2=" ">
   <subfield code="1">PSKLA</subfield>
   <subfield code="3">F202049j</subfield>
   <subfield code="4">N:P</subfield>
   <subfield code="5">3142231721</subfield>
   <subfield code="8">20090917</subfield>
   <subfield code="9">005VEB</subfield>
   <subfield code="f">81</subfield>
   <subfield code="g">21189</subfield>
   <subfield code="l">UEP01</subfield>
   <subfield code="m">BOOK</subfield>
   <subfield code="p">MI</subfield>
   <subfield code="q">Knihovna Žižkov - sklad</subfield>
   <subfield code="t">na 1 měsíc</subfield>
   <subfield code="u">UEP01</subfield>
   <subfield code="v">Ztráta</subfield>
   <subfield code="w">20090924</subfield>
  </datafield>
  <datafield tag="996" ind1=" " ind2=" ">
   <subfield code="1">PSKLA</subfield>
   <subfield code="3">F202049jj</subfield>
   <subfield code="4">N:P</subfield>
   <subfield code="5">3142243765</subfield>
   <subfield code="8">20101114</subfield>
   <subfield code="9">005VEB</subfield>
   <subfield code="f">81</subfield>
   <subfield code="g">25799</subfield>
   <subfield code="l">UEP01</subfield>
   <subfield code="m">BOOK</subfield>
   <subfield code="q">Knihovna Žižkov - sklad</subfield>
   <subfield code="t">na 1 měsíc</subfield>
   <subfield code="u">UEP01</subfield>
   <subfield code="w">20101129</subfield>
  </datafield>
  <datafield tag="996" ind1=" " ind2=" ">
   <subfield code="1">PSKLA</subfield>
   <subfield code="3">F202049n</subfield>
   <subfield code="4">N:P</subfield>
   <subfield code="5">3142233722</subfield>
   <subfield code="8">20091112</subfield>
   <subfield code="9">005VEB</subfield>
   <subfield code="f">81</subfield>
   <subfield code="g">22061</subfield>
   <subfield code="l">UEP01</subfield>
   <subfield code="m">BOOK</subfield>
   <subfield code="q">Knihovna Žižkov - sklad</subfield>
   <subfield code="t">na 1 měsíc</subfield>
   <subfield code="u">UEP01</subfield>
   <subfield code="w">20091127</subfield>
  </datafield>
  <datafield tag="996" ind1=" " ind2=" ">
   <subfield code="1">PSKLA</subfield>
   <subfield code="3">F202049oo</subfield>
   <subfield code="4">N:G</subfield>
   <subfield code="5">3142260398</subfield>
   <subfield code="8">20121001</subfield>
   <subfield code="9">005VEB</subfield>
   <subfield code="f">81</subfield>
   <subfield code="l">UEP01</subfield>
   <subfield code="m">BOOK</subfield>
   <subfield code="q">Knihovna Žižkov - sklad</subfield>
   <subfield code="t">na 1 měsíc</subfield>
   <subfield code="u">UEP01</subfield>
   <subfield code="w">20130123</subfield>
  </datafield>
  <datafield tag="996" ind1=" " ind2=" ">
   <subfield code="1">PSKLA</subfield>
   <subfield code="3">F202049p</subfield>
   <subfield code="4">N:P</subfield>
   <subfield code="5">3142232657</subfield>
   <subfield code="8">20091007</subfield>
   <subfield code="9">005VEB</subfield>
   <subfield code="f">81</subfield>
   <subfield code="g">21425</subfield>
   <subfield code="l">UEP01</subfield>
   <subfield code="m">BOOK</subfield>
   <subfield code="p">MI</subfield>
   <subfield code="q">Knihovna Žižkov - sklad</subfield>
   <subfield code="t">na 1 měsíc</subfield>
   <subfield code="u">UEP01</subfield>
   <subfield code="v">Ztráta</subfield>
   <subfield code="w">20091029</subfield>
  </datafield>
  <datafield tag="996" ind1=" " ind2=" ">
   <subfield code="1">PSKLA</subfield>
   <subfield code="3">F202049q</subfield>
   <subfield code="4">N:P</subfield>
   <subfield code="5">3142233725</subfield>
   <subfield code="8">20091112</subfield>
   <subfield code="9">005VEB</subfield>
   <subfield code="f">81</subfield>
   <subfield code="g">22061</subfield>
   <subfield code="l">UEP01</subfield>
   <subfield code="m">BOOK</subfield>
   <subfield code="q">Knihovna Žižkov - sklad</subfield>
   <subfield code="t">na 1 měsíc</subfield>
   <subfield code="u">UEP01</subfield>
   <subfield code="w">20091127</subfield>
  </datafield>
  <datafield tag="996" ind1=" " ind2=" ">
   <subfield code="1">PSKLA</subfield>
   <subfield code="3">F202049tt</subfield>
   <subfield code="4">N:P</subfield>
   <subfield code="5">3142277496</subfield>
   <subfield code="7">Dotisk 2014</subfield>
   <subfield code="8">20140918</subfield>
   <subfield code="9">005VEB</subfield>
   <subfield code="f">81</subfield>
   <subfield code="g">40184</subfield>
   <subfield code="l">UEP01</subfield>
   <subfield code="m">BOOK</subfield>
   <subfield code="q">Knihovna Žižkov - sklad</subfield>
   <subfield code="t">na 1 měsíc</subfield>
   <subfield code="u">UEP01</subfield>
   <subfield code="w">20141013</subfield>
  </datafield>
  <datafield tag="996" ind1=" " ind2=" ">
   <subfield code="1">PSKLA</subfield>
   <subfield code="3">F202049uu</subfield>
   <subfield code="4">N:P</subfield>
   <subfield code="5">3142277497</subfield>
   <subfield code="7">Dotisk 2014</subfield>
   <subfield code="8">20141001</subfield>
   <subfield code="9">005VEB</subfield>
   <subfield code="f">81</subfield>
   <subfield code="g">40184</subfield>
   <subfield code="l">UEP01</subfield>
   <subfield code="m">BOOK</subfield>
   <subfield code="q">Knihovna Žižkov - sklad</subfield>
   <subfield code="t">na 1 měsíc</subfield>
   <subfield code="u">UEP01</subfield>
   <subfield code="w">20141013</subfield>
  </datafield>
  <datafield tag="996" ind1=" " ind2=" ">
   <subfield code="1">PSKLA</subfield>
   <subfield code="3">F202049vv</subfield>
   <subfield code="4">N:P</subfield>
   <subfield code="5">3142277498</subfield>
   <subfield code="7">Dotisk 2014</subfield>
   <subfield code="8">20141001</subfield>
   <subfield code="9">005VEB</subfield>
   <subfield code="f">81</subfield>
   <subfield code="g">40184</subfield>
   <subfield code="l">UEP01</subfield>
   <subfield code="m">BOOK</subfield>
   <subfield code="q">Knihovna Žižkov - sklad</subfield>
   <subfield code="t">na 1 měsíc</subfield>
   <subfield code="u">UEP01</subfield>
   <subfield code="w">20141013</subfield>
  </datafield>
  <datafield tag="996" ind1=" " ind2=" ">
   <subfield code="1">PSKLA</subfield>
   <subfield code="3">F202049x</subfield>
   <subfield code="4">N:P</subfield>
   <subfield code="5">3142233405</subfield>
   <subfield code="8">20091207</subfield>
   <subfield code="9">005VEB</subfield>
   <subfield code="f">81</subfield>
   <subfield code="g">22381</subfield>
   <subfield code="l">UEP01</subfield>
   <subfield code="m">BOOK</subfield>
   <subfield code="q">Knihovna Žižkov - sklad</subfield>
   <subfield code="t">na 1 měsíc</subfield>
   <subfield code="u">UEP01</subfield>
   <subfield code="w">20091207</subfield>
  </datafield>
  <datafield tag="996" ind1=" " ind2=" ">
   <subfield code="1">PSKLA</subfield>
   <subfield code="3">F202049z</subfield>
   <subfield code="4">N:G</subfield>
   <subfield code="5">3142235047</subfield>
   <subfield code="8">20100126</subfield>
   <subfield code="9">005VEB</subfield>
   <subfield code="f">81</subfield>
   <subfield code="l">UEP01</subfield>
   <subfield code="m">BOOK</subfield>
   <subfield code="q">Knihovna Žižkov - sklad</subfield>
   <subfield code="t">na 1 měsíc</subfield>
   <subfield code="u">UEP01</subfield>
   <subfield code="w">20100126</subfield>
  </datafield>
  <datafield tag="996" ind1=" " ind2=" ">
   <subfield code="1">PSKLA</subfield>
   <subfield code="3">F202049zz</subfield>
   <subfield code="4">N:náhrada</subfield>
   <subfield code="5">3142318677</subfield>
   <subfield code="8">20180921</subfield>
   <subfield code="9">005VEB</subfield>
   <subfield code="f">81</subfield>
   <subfield code="l">UEP01</subfield>
   <subfield code="m">BOOK</subfield>
   <subfield code="q">Knihovna Žižkov - sklad</subfield>
   <subfield code="t">na 1 měsíc</subfield>
   <subfield code="u">UEP01</subfield>
   <subfield code="w">20180921</subfield>
  </datafield>
  <datafield tag="996" ind1=" " ind2=" ">
   <subfield code="1">PSTUD</subfield>
   <subfield code="3">F202049</subfield>
   <subfield code="4">N:P</subfield>
   <subfield code="5">3142230200</subfield>
   <subfield code="8">20090603</subfield>
   <subfield code="9">005VEB</subfield>
   <subfield code="f">85</subfield>
   <subfield code="g">20298</subfield>
   <subfield code="l">UEP01</subfield>
   <subfield code="m">BOOK</subfield>
   <subfield code="q">Studovna Žižkov</subfield>
   <subfield code="t">prezenční</subfield>
   <subfield code="u">UEP01</subfield>
   <subfield code="w">20090611</subfield>
  </datafield>
  <datafield tag="996" ind1=" " ind2=" ">
   <subfield code="1">PSTUD</subfield>
   <subfield code="3">F202049aa</subfield>
   <subfield code="4">N:P</subfield>
   <subfield code="5">3142237827</subfield>
   <subfield code="8">20100519</subfield>
   <subfield code="9">005VEB</subfield>
   <subfield code="f">81</subfield>
   <subfield code="g">23710</subfield>
   <subfield code="l">UEP01</subfield>
   <subfield code="m">BOOK</subfield>
   <subfield code="q">Studovna Žižkov</subfield>
   <subfield code="t">na 1 měsíc</subfield>
   <subfield code="u">UEP01</subfield>
   <subfield code="w">20100527</subfield>
  </datafield>
  <datafield tag="996" ind1=" " ind2=" ">
   <subfield code="1">PSTUD</subfield>
   <subfield code="3">F202049bb</subfield>
   <subfield code="4">N:P</subfield>
   <subfield code="5">3142237828</subfield>
   <subfield code="8">20100519</subfield>
   <subfield code="9">005VEB</subfield>
   <subfield code="f">81</subfield>
   <subfield code="g">23710</subfield>
   <subfield code="l">UEP01</subfield>
   <subfield code="m">BOOK</subfield>
   <subfield code="q">Studovna Žižkov</subfield>
   <subfield code="t">na 1 měsíc</subfield>
   <subfield code="u">UEP01</subfield>
   <subfield code="w">20100527</subfield>
  </datafield>
  <datafield tag="996" ind1=" " ind2=" ">
   <subfield code="1">PSTUD</subfield>
   <subfield code="3">F202049ff</subfield>
   <subfield code="4">N:P</subfield>
   <subfield code="5">3142243760</subfield>
   <subfield code="8">20101114</subfield>
   <subfield code="9">005VEB</subfield>
   <subfield code="f">81</subfield>
   <subfield code="g">25799</subfield>
   <subfield code="l">UEP01</subfield>
   <subfield code="m">BOOK</subfield>
   <subfield code="q">Studovna Žižkov</subfield>
   <subfield code="t">na 1 měsíc</subfield>
   <subfield code="u">UEP01</subfield>
   <subfield code="w">20101130</subfield>
  </datafield>
  <datafield tag="996" ind1=" " ind2=" ">
   <subfield code="1">PSTUD</subfield>
   <subfield code="3">F202049ll</subfield>
   <subfield code="4">N:P</subfield>
   <subfield code="5">3142252742</subfield>
   <subfield code="8">20111005</subfield>
   <subfield code="9">005VEB</subfield>
   <subfield code="f">81</subfield>
   <subfield code="g">29048</subfield>
   <subfield code="l">UEP01</subfield>
   <subfield code="m">BOOK</subfield>
   <subfield code="q">Studovna Žižkov</subfield>
   <subfield code="t">na 1 měsíc</subfield>
   <subfield code="u">UEP01</subfield>
   <subfield code="w">20111124</subfield>
  </datafield>
  <datafield tag="996" ind1=" " ind2=" ">
   <subfield code="1">PSTUD</subfield>
   <subfield code="3">F202049mm</subfield>
   <subfield code="4">N:P</subfield>
   <subfield code="5">3142252743</subfield>
   <subfield code="8">20111005</subfield>
   <subfield code="9">005VEB</subfield>
   <subfield code="f">81</subfield>
   <subfield code="g">29048</subfield>
   <subfield code="l">UEP01</subfield>
   <subfield code="m">BOOK</subfield>
   <subfield code="q">Studovna Žižkov</subfield>
   <subfield code="t">na 1 měsíc</subfield>
   <subfield code="u">UEP01</subfield>
   <subfield code="w">20111124</subfield>
  </datafield>
 </record>
</collection>
